|
|
|
|
| LEADER |
01466nem a2200409 i 4500 |
| 001 |
nkc20172880303 |
| 003 |
CZ PrNK |
| 005 |
20210802114602.0 |
| 007 |
aj canzn |
| 008 |
170307s2017 xr z a 0 cze |
| 015 |
|
|
|a cnb002880303
|
| 020 |
|
|
|q (List)
|
| 034 |
1 |
|
|a a
|b 1100000
|d E0120500
|e E0185100
|f N0510300
|g N0483300
|
| 040 |
|
|
|a ABA001
|b cze
|e rda
|
| 043 |
|
|
|a e-xr---
|
| 072 |
|
7 |
|a 913(437)
|x Geografie Česka a Slovenska, reálie, cestování
|2 Konspekt
|9 7
|
| 072 |
|
7 |
|a 912
|x Mapy. Atlasy. Glóby
|2 Konspekt
|9 7
|
| 080 |
|
|
|a 91
|2 MRF
|
| 080 |
|
|
|a 913(437.3)
|2 MRF
|
| 080 |
|
|
|a (084.3)371.673
|2 MRF
|
| 110 |
2 |
|
|a Kartografie Praha (firma)
|7 kn20010724363
|4 ctg
|
| 245 |
1 |
0 |
|a Česko - vlastivědná mapa ;
|b Česko - obrysová mapa /
|c vydala a zpracovala Kartografie Praha, a.s.
|
| 250 |
|
|
|a 1. vydání
|
| 255 |
|
|
|a Měřítko 1:1 100 000
|c (E 12°05'00"--E 18°51'00"/N 51°03'00"--N 48°33'00")
|
| 264 |
|
1 |
|a Praha :
|b Kartografie Praha, a.s.,
|c 2017
|
| 300 |
|
|
|a 2 mapy na 1 listu :
|b barevné ;
|c 29 x 44 cm a 29 x 44 cm, na listu 32 x 46 cm
|
| 336 |
|
|
|a kartografický obraz
|b cri
|2 rdacontent
|
| 337 |
|
|
|a bez média
|b n
|2 rdamedia
|
| 338 |
|
|
|a list
|b nb
|2 rdacarrier
|
| 500 |
|
|
|a Voděodolné, popisovatelné
|
| 650 |
0 |
7 |
|a zeměpis
|7 ph116771
|2 czenas
|
| 651 |
|
7 |
|a Česko
|7 ge128065
|2 czenas
|
| 655 |
|
7 |
|a školní mapy
|7 fd133894
|2 czenas
|
| 740 |
0 |
2 |
|a Česko - obrysová mapa
|
| 910 |
2 |
|
|a BOA001
|b Mpa-1387.060
|
| 990 |
|
|
|a MP
|
| 995 |
|
|
|a 01
|